Statistieken voor Ajax

Klik hier om de quiz te nemen!

Algemene statistieken

  • Deze quiz is 56 keer genomen
  • De gemiddelde score is 8 van 12

Antwoordstatistieken

questionAntwoord% Correct
How many cl/europacup does Ajax have?4
100%
Against who plays Ajax the match called the 'Klassieker'?Feyenoord
88%
How many times did Ajax win the Dutch championship?36
84%
Against who plays Ajax the match called the 'Topper'?PSV
84%
Who is the current captain of Ajax?Tadic
78%
When was Ajax founded?1900
64%
What is the name of the best Ajax player ever?Cruyff
62%
How many times did Ajax win the Dutch cup?20
60%
Who is the current headcoach of Ajax?Steijn
60%
What is the Ajax stadium called?Johan Cruyff arena
56%
Who played the most matches for Ajax?Swart
38%
Who is Ajax's all time topscorer?van Reenen
14%

Scoreverdeling

Percentiel versus Aantal Correcte Antwoorden

Procent van Mensen met Elke Score

Uw Scoregeschiedenis

U heeft deze quiz nog niet genomen